<?xml version="1.0" encoding="UTF-8"?>
<record
    xmlns:xsi="http://www.w3.org/2001/XMLSchema-instance"
    xsi:schemaLocation="http://www.loc.gov/MARC21/slim http://www.loc.gov/standards/marcxml/schema/MARC21slim.xsd"
    xmlns="http://www.loc.gov/MARC21/slim">

  <leader>00846nam a2200169Ia 4500</leader>
  <controlfield tag="008">231221s9999    xx            000 0 und d</controlfield>
  <datafield tag="020" ind1=" " ind2=" ">
    <subfield code="a">9790000000000</subfield>
  </datafield>
  <datafield tag="041" ind1=" " ind2=" ">
    <subfield code="a">English</subfield>
  </datafield>
  <datafield tag="082" ind1=" " ind2=" ">
    <subfield code="a">001.6424JAV  KOG;1</subfield>
  </datafield>
  <datafield tag="100" ind1=" " ind2=" ">
    <subfield code="a">Kogent Solutions Inc.</subfield>
  </datafield>
  <datafield tag="245" ind1=" " ind2="0">
    <subfield code="a">Java server programming Java E E 5 (J2EE1.5) black book JDBC 4.0, servlets 2.5, JSP, JSTL, JSF, Javamail, EJB 3.0, hibernet, Jboss seam, Java EE connector architecture, Java EE design patterns, SOA, Java web services, struts 2, spring 2.5, JAAS,</subfield>
  </datafield>
  <datafield tag="260" ind1=" " ind2=" ">
    <subfield code="b">Dreamtech Press</subfield>
    <subfield code="a">New Delhi</subfield>
  </datafield>
  <datafield tag="300" ind1=" " ind2=" ">
    <subfield code="a">xxxi, 1712</subfield>
  </datafield>
  <datafield tag="300" ind1=" " ind2=" ">
    <subfield code="c">58441</subfield>
  </datafield>
  <datafield tag="650" ind1=" " ind2=" ">
    <subfield code="a">Java,server,programming,Java,5,(J2EE1.5),black,JDBC,4.0,,servlets,2.5,,JSP,,JSTL,,JSF,,Javamail,,EJB,3.0,,hibernet,,Jboss,seam,,Java,connector,architecture,,Java,patterns,,SOA,,Java,services,,struts,2,,spring,2.5,,JAAS,</subfield>
  </datafield>
  <datafield tag="942" ind1=" " ind2=" ">
    <subfield code="c">CD</subfield>
  </datafield>
  <datafield tag="999" ind1=" " ind2=" ">
    <subfield code="c">210568</subfield>
    <subfield code="d">210568</subfield>
  </datafield>
  <datafield tag="952" ind1=" " ind2=" ">
    <subfield code="r">2024-01-26 00:00:00</subfield>
    <subfield code="l">0</subfield>
    <subfield code="o">001.6424JAV  KOG;1</subfield>
    <subfield code="p">CD4470</subfield>
    <subfield code="w">2024-01-26</subfield>
    <subfield code="y">CD</subfield>
    <subfield code="1">0</subfield>
    <subfield code="4">0</subfield>
    <subfield code="7">0</subfield>
    <subfield code="8">CS</subfield>
    <subfield code="0">0</subfield>
    <subfield code="a">ML</subfield>
    <subfield code="b">ML</subfield>
    <subfield code="c">CS</subfield>
    <subfield code="d">0000-00-00</subfield>
    <subfield code="e">Sapna Book House</subfield>
    <subfield code="E">CS</subfield>
    <subfield code="K">SBH/CRB/000523</subfield>
    <subfield code="L">08/02/2014</subfield>
    <subfield code="G">RS</subfield>
    <subfield code="F">1</subfield>
    <subfield code="V">0</subfield>
    <subfield code="W">0</subfield>
  </datafield>
</record>
